[Event "LUX-chABC"]
[Site "Dudelange"]
[Date "1997.03.30"]
[Round "2.12"]
[White "Kurzweg, Andre"]
[Black "Brittner, Serge"]
[Result "0-1"]
[WhiteElo "1830"]
[BlackElo "2090"]
[PlyCount "38"]
[EventDate "1997.03.29"]
[EventType "swiss"]
[EventRounds "9"]
[EventCountry "LUX"]
[SourceTitle "EXT 2013"]
[Source "ChessBase"]
[SourceDate "2012.11.22"]
[SourceVersion "1"]
[SourceVersionDate "2012.11.22"]
[SourceQuality "1"]

1. e4 e6 2. d4 d5 3. exd5 exd5 4. c4 Nf6 5. Nf3 Be7 6. cxd5 0-0 7. Be2 Nxd5 8. 0-0 c6 9. Nc3 Nb6 10. Bf4 Be6 11. Qc2 N8d7 12. Bd3 h6 13. Rfe1 Nf6 14. Ne5 Qxd4 15. Ng6 fxg6 16. Rxe6 Qxf4 17. Rxe7 Ng4 18. Ne4 Qxh2+ 19. Kf1 Ne3+ 0-1